|
|
|
|
| LEADER |
01675nam a2200445 a 4500 |
| 001 |
EBC3385523 |
| 003 |
MiAaPQ |
| 005 |
20200520144314.0 |
| 006 |
m o d | |
| 007 |
cr cn||||||||| |
| 008 |
090605s2009 dcua sb 001 0 eng |
| 010 |
|
|
|z 2009021867
|
| 015 |
|
|
|a GBA989593
|2 bnb
|
| 016 |
7 |
|
|z 015367176
|2 Uk
|
| 020 |
|
|
|z 9780881324297
|
| 020 |
|
|
|z 0881324299
|
| 035 |
|
|
|a (MiAaPQ)EBC3385523
|
| 035 |
|
|
|a (Au-PeEL)EBL3385523
|
| 035 |
|
|
|a (CaPaEBR)ebr10399576
|
| 035 |
|
|
|a (OCoLC)923327761
|
| 040 |
|
|
|a MiAaPQ
|c MiAaPQ
|d MiAaPQ
|
| 043 |
|
|
|a n-us---
|
| 050 |
|
4 |
|a HG4910
|b .M665 2009
|
| 082 |
0 |
4 |
|a 332.67/30973
|2 22
|
| 084 |
|
|
|a 83.44
|2 bcl
|
| 100 |
1 |
|
|a Moran, Theodore H.,
|d 1943-
|
| 245 |
1 |
0 |
|a Three threats
|h [electronic resource] :
|b an analytical framework for the CFIUS process /
|c Theodore H. Moran.
|
| 260 |
|
|
|a Washington, DC :
|b Peterson Institute for International Economics,
|c c2009.
|
| 300 |
|
|
|a xiii, 65 p. :
|b ill.
|
| 490 |
1 |
|
|a Policy analyses in international economics ;
|v 89
|
| 500 |
|
|
|a "July 2009."
|
| 504 |
|
|
|a Includes bibliographical references and index.
|
| 533 |
|
|
|a Electronic reproduction. Ann Arbor, MI : ProQuest, 2015. Available via World Wide Web. Access may be limited to ProQuest affiliated libraries.
|
| 610 |
2 |
0 |
|a Committee on Foreign Investment in the United States.
|
| 650 |
|
0 |
|a Investments, Foreign
|z United States.
|
| 650 |
|
0 |
|a National security
|z United States.
|
| 655 |
|
4 |
|a Electronic books.
|
| 710 |
2 |
|
|a ProQuest (Firm)
|
| 830 |
|
0 |
|a Policy analyses in international economics ;
|v 89.
|
| 856 |
4 |
0 |
|u https://ebookcentral.proquest.com/lib/matrademy/detail.action?docID=3385523
|z Click to View
|